| 000 | 00358nam a2200157Ia 4500 | ||
|---|---|---|---|
| 003 | OSt | ||
| 005 | 20231123073243.0 | ||
| 008 | 170524s9999 xx 000 0 und d | ||
| 020 | _a0-7645-6710-1 | ||
| 040 | _cIIMT | ||
| 100 | _aRandall | ||
| 245 | 2 | _aA taste of heritage african-american | |
| 260 | _bJohn Wiley & Sons | ||
| 260 | _c2002 | ||
| 942 |
_2ddc _c02 |
||
| 999 |
_c7016 _d7016 |
||